000 00514cam a2200193 4500
001 D6371
008 090401t1982 xxu||||| |||| 00| 0 eng d
035 _a(Sirsi) u440
041 _aeng
050 _a711.1
100 _aKingsbury, P.W.
245 _aLocal plans: increasing their usefulness for development control
260 _aGarston, Watford
_bBuilding Research Establishment
_c1982
300 _a4p. 30cm
350 _a0
490 _aBRE Information Paper
_v1/82
942 _n0
948 _c04/03/1997
999 _c85559
_d85559